|
|
|
|
| LEADER |
00000nam a2200000 a 4500 |
| 001 |
vtls001425496 |
| 003 |
SK-MaSNL |
| 005 |
20260302001752.0 |
| 008 |
251029s2000 hu a r y hun |
| 015 |
|
|
|a SNBZSA2002-00099
|
| 020 |
|
|
|a 9639104426
|
| 035 |
|
|
|a SNK000380395
|
| 035 |
|
|
|a urn:nbn:sk:snk-amknqn
|
| 035 |
|
|
|a urn:nbn:sk:snk-am008f0u
|
| 035 |
|
|
|a 051963ED-0ED6-4AFE-AA31-F69B9DE639B4
|
| 040 |
|
|
|a SNK
|b slo
|c SNK
|e AACR2
|
| 041 |
0 |
|
|a hun
|
| 043 |
|
|
|a e-hu
|
| 043 |
|
|
|a e-xo---
|
| 044 |
|
|
|a HU
|
| 080 |
|
|
|a 930.85(437.6+439)"17"=945.11
|2 1981
|
| 080 |
|
|
|a 943.92"17"=945.11
|2 1981
|
| 080 |
|
|
|a 943.76"17"=945.11
|2 1981
|
| 080 |
|
|
|a 26/28(439.2)"17"=945.11
|2 1981
|
| 100 |
1 |
|
|a Kókay, György,
|d 1929-
|4 aut
|9 66252
|
| 245 |
1 |
0 |
|a Felvilágosodás, kereszténység, nemzeti kultúra
|c Kókay György
|
| 260 |
|
|
|a Budapest
|b Universitas
|c 2000
|
| 300 |
|
|
|a 255 s.
|c 24 cm
|
| 490 |
1 |
|
|a Historia litteraria
|x 1219-8552
|v 8.
|
| 504 |
|
|
|a Bibliogr. Reg.
|
| 650 |
0 |
7 |
|a dejiny kultúrne
|z Slovensko
|z Maďarsko
|y stor. 18.
|2 SNK
|9 638190
|
| 650 |
0 |
7 |
|a osvietenstvo (filozofia)
|2 SNK
|9 4039
|
| 650 |
0 |
7 |
|a kresťanstvo
|z Uhorsko
|y stor. 18.
|2 SNK
|9 638191
|
| 655 |
|
7 |
|a príručky
|2 SNK
|9 74364
|
| 830 |
|
0 |
|a Historia litteraria
|x 1219-8552
|9 458911
|
| 919 |
|
|
|a 963-9104-42-6
|
| 958 |
|
|
|a OND
|
| 958 |
|
|
|a ZS
|
| 958 |
|
|
|a TL
|
| 958 |
|
|
|a NB
|
| 958 |
|
|
|a HU
|
| 999 |
|
|
|c 985191
|d 987121
|
| 952 |
|
|
|a SNK
|b SNK
|y PREZ
|7 0
|p 17A0334195
|o snkSC 107371
|i snkV 246/2002
|8 2
|0 0
|1 0
|4 0
|d 2002-02-28
|f 1
|l 0
|r 2025-09-29 00:00:00
|w 2026-02-24
|